| 000 | 00445cam a2200193ua 4500 | ||
|---|---|---|---|
| 001 | 7059 | ||
| 008 | 141126n ii |||gr||||Z||||||eng | ||
| 020 | _a0706986342 | ||
| 040 | _cMAIN | ||
| 041 | _aeng | ||
| 082 | _a330 | ||
| 100 |
_aBhatia, H.L., _eAuthor. |
||
| 245 |
_aHistory of economic thought _cBy H.L. Bhatia |
||
| 250 | _a4th rev. | ||
| 260 |
_aBangalore: _bVikas, _c1997. |
||
| 300 | _axi,506p. | ||
| 653 | _aEconomics | ||
| 942 | _cBK | ||
| 999 |
_c6188 _d6188 |
||